Το προφίλ του δασκάλου : παιδαγωγική και διδακτική έρευνα στα βιβλία "η γλώσσα μου", ανθολόγια του δημοτικού σχολείου

Αποθηκεύτηκε σε:
Λεπτομέρειες βιβλιογραφικής εγγραφής
Κύριος συγγραφέας: Παπάς, Αθανάσιος Ε.
Άλλοι συγγραφείς: Οικονόμου, Γιώργος, Σκαλιάπας, Γιώργος Ν.
Μορφή: Βιβλίο
Γλώσσα:Greek
Δημοσίευση: Αθήνα : [Τελέθριον], 1996-1997.
Θέματα:
Ετικέτες: Προσθήκη ετικέτας
Δεν υπάρχουν, Καταχωρήστε ετικέτα πρώτοι!

MARC

LEADER 00000cam a2200000 i 4500
001 1/29287
008 060512s19961997gr | ||| |||| ||gre||
020 |a 9608410078 
035 |l 10083862 
040 |a GR-MY-UA  |b gre  |e aacr 
041 0 |a gre 
082 7 |a 371.1   |2 (22) 
100 1 |a Παπάς, Αθανάσιος Ε. 
245 1 3 |a Το προφίλ του δασκάλου :   |b παιδαγωγική και διδακτική έρευνα στα βιβλία "η γλώσσα μου", ανθολόγια του δημοτικού σχολείου /   |c Αθανάσιος Ε. Παπάς ; συνεργάστηκαν Γιώργος Οικονόμου, Γιώργος Σκαλιάπας.  
260 |a Αθήνα :   |b [Τελέθριον],   |c 1996-1997.  
300 |a 113 σ. :   |b εικ. ;   |c 24 εκ. 
650 0 0 |a Teachers  |z Greece. 
700 1 |a Οικονόμου, Γιώργος. 
700 1 |a Σκαλιάπας, Γιώργος Ν. 
852 |a INST  |b RHODES  |e 20060512  |h 371.1 ΠΑΠ  |p 005400021013  |q 005400021013  |t BK  |y 0 
901 |a BIBL4-2006-2 
970 |a ΚΟΖΑ  |b ΜΑΡΙΑ  |z 2006/05/12